Who Owns What Quiz Stats

 Plays Quiz Updated Dec 7, 2018

Support Sporcle.
Go Orange.
Score 0/20 Timer 05:00
2 Plays Today
Product/Service Owner % Correct
XboxMicrosoft
71%
NBC BroadcastingComcast Corporation
57.2%
Sam's ClubWalmart Stores, Inc.
54.2%
ABC BroadcastingThe Walt Disney Company
51.8%
Old Navy ClothingGap Inc
49.7%
Minute Maid JuicesCoca-Cola
44.7%
Doritos ChipsPepsiCo
44.1%
Rice KrispiesKellogg Co
43.2%
PillsburyGeneral Mills
31.4%
TylenolJohnson and Johnson
22.4%
Product/Service Owner % Correct
Kool-AIDKraft
20.7%
Taco BellYUM! Brands
20.4%
Nickelodeon TVViacom
18.8%
Duracell BatteriesBerkshire Hathaway
17.8%
MySpaceNews Corporation
12.8%
Milton Bradley GamesHasbro
11.2%
Maytag AppliancesWhirlpool Corp.
11.1%
Camel CigarettesR. J. Reynolds Tobacco Company
10.7%
Dairy QueenBerkshire Hathaway
4.1%
Business Week MagazinesBloomberg
2.9%

You're not logged in!

Compare scores with friends on all Sporcle quizzes.
OR
Log In

From the Vault

10 Smallest Countries in Asia

by minshkins

Maybe they're still growing?
Remove Ads.
Support Sporcle.
Get the best of Sporcle when you Go Orange. This ad-free experience offers more features, more stats, and more fun while also helping to support Sporcle. Thank you for becoming a member.

Show Comments

Extras

Top Quizzes Today


Score Distribution

Your Account Isn't Verified!

In order to create a playlist on Sporcle, you need to verify the email address you used during registration. Go to your Sporcle Settings to finish the process.

Report this User

Report this user for behavior that violates our Community Guidelines.

Details: